000
00205 a2200097 4500
001
19900
100
_a
Radhakrishnan
245
_a
Indian philosophy
260
_a
_b
Allen & Unwin
_c
090
_c
14522
_d
14522
942
_a
NUST-CAE
_c
M
_c
5028
999
_c
254973
_d
254973